00983nam a2200181 a 450000100060000000300090000600800410001502000150005604000280007108200160009910000310011524500650014626000370021150504360024865000480068465000350073265000340076721196CO-ViMGA141112s2004 ck r 000 u spa d a9586484041 aCO-ViMGAbspacCO-ViMGA04a345.05 L3651 aLeón Parada, Víctor O.10aEl abc del nuevo sistema acusatorio penal : bEl juicio oral aBogotá; Ecoe ediciones, c2005 aVertiente Histórica Antecedente histórico del proceso penal 5 - - Vertiente jurídica Elementos constitutivos de la juridicidad del proceso penal 15 - - Vertiente Linguística El lenguaje oral como instrumento principal de comunicación 123 - - Vertiente actoral Cóm hablar y sustentar apropiadamente un argumento legal en una audiencia pública 147 - - La investigación judicial formación de un plan de trabajo 162 14aADMINISTRACION DE JUSTICIA PENAL - COLOMBIA14aPROCEDIMIENTO PENAL - COLOMBIA14aSISTEMA ACUSATORIO - COLOMBIA